[Event "Olimpiade 2014 - Open"]
[Site "Tromsø"]
[Date "12.08.2014"]
[Round "10.86"]
[Board "4"]
[White "Mueller, Oliver"]
[Black "Castro, Jose Luis"]
[Result "0-1"]
[WhiteTitle "FM"]
[BlackTitle "FM"]
[WhiteElo "2312"]
[BlackElo "2313"]
[WhiteTeam "IBCA"]
[BlackTeam "Venezuela"]
[WhiteFideId "4633385"]
[BlackFideId "3901831"]
[EventDate "2014.08.02"]

1. d4 Nf6 2. c4 g6 3. Nf3 Bg7 4. g3 O-O 5. Bg2 d6 6. O-O Nc6 7. Nc3 a6 8. d5 Na5
9. Nd2 c5 10. Qc2 Rb8 11. b3 b5 12. Bb2 e5 13. Rab1 Bf5 14. e4 Bd7 15. Ne2 Qe7
16. Bc3 b4 17. Bb2 Ng4 18. h3 Nh6 19. Rbe1 f5 20. f4 Rbe8 21. Nf3 Nb7 22. Ng5
Bf6 23. Qd2 Nd8 24. Nc1 Bxg5 25. fxg5 Nhf7 26. h4 h6 27. exf5 Bxf5 28. Rxf5 gxf5
29. g6 Ng5 30. hxg5 hxg5 31. g4 fxg4 32. Be4 g3 33. Nd3 Qd7 34. Kg2 Qg4 35. Qe2
Rf2+ 36. Nxf2 gxf2+ 37. Kxf2 Rf8+ 38. Bf3 Qh3 39. g7 Rf7 40. Rg1 g4 41. Rg3 Qh2+
42. Rg2 Qh4+ 43. Kg1 gxf3 44. Qf2 Qf4 45. Rh2 Rxg7+ 46. Kf1 Qe4 47. Qd2 Qg6 48.
Qe3 Nf7 49. Bc1 Ng5 50. Rf2 e4 0-1

[Event "Olimpiade 2014 - Open"]
[Site "Tromsø"]
[Date "14.08.2014"]
[Round "11.3"]
[Board "1"]
[White "Agdestein, Simen"]
[Black "Lim, Yee-Weng"]
[Result "1-0"]
[WhiteTitle "GM"]
[BlackTitle "IM"]
[WhiteElo "2630"]
[BlackElo "2311"]
[WhiteTeam "Norway"]
[BlackTeam "Malaysia"]
[WhiteFideId "1500015"]
[BlackFideId "5700590"]
[EventDate "2014.08.02"]

1. c4 c6 2. e4 d5 3. exd5 cxd5 4. cxd5 Nf6 5. Qa4+ Nbd7 6. Nc3 g6 7. Nf3 Bg7 8.
Bc4 O-O 9. d3 a6 10. Qa3 Nb6 11. Qb3 e6 12. dxe6 Nxc4 13. exf7+ Rxf7 14. dxc4
Ng4 15. O-O Rxf3 16. gxf3 Qh4 17. c5+ Kh8 18. Bf4 Ne5 19. Ne2 Bh3 20. Bg3 Qh5
21. Nf4 Nxf3+ 22. Kh1 Qg4 23. Nxh3 Rf8 24. Ng1 Qe4 25. Nxf3 Rxf3 26. Rae1 Qc6
27. Re6 Qb5 28. Qxb5 1-0

[Event "Olimpiade 2014 - Open"]
[Site "Tromsø"]
[Date "14.08.2014"]
[Round "11.3"]
[Board "2"]
[White "Teh, Eu Wen Aron"]
[Black "Hammer, Jon Ludvig"]
[Result "0-1"]
[BlackTitle "GM"]
[WhiteElo "2309"]
[BlackElo "2628"]
[WhiteTeam "Malaysia"]
[BlackTeam "Norway"]
[WhiteFideId "5704723"]
[BlackFideId "1503707"]
[EventDate "2014.08.02"]

1. d4 Nf6 2. c4 e6 3. Nc3 Bb4 4. Qc2 O-O 5. a3 Bxc3+ 6. Qxc3 b6 7. Bg5 Bb7 8. f3
h6 9. Bh4 d6 10. e4 c5 11. d5 Nbd7 12. Bf2 b5 13. dxe6 fxe6 14. Bg3 d5 15. cxd5
exd5 16. Bxb5 Qb6 17. Bxd7 Nxd7 18. O-O-O d4 19. Qd2 Qe6 20. Ne2 Nb6 21. Nf4 Qf7
22. Nd3 Rac8 23. Ne5 Qe6 24. Kb1 Rfd8 25. Qf2 Ba6 26. f4 Na4 27. Qc2 Qe8 28. f5
Rb8 29. f6 gxf6 30. Ng4 Kg7 31. Ka1 Rxb2 32. Qc1 Qg6 33. Qf4 Bc4 34. Qc7+ Bf7 0-1

[Event "Olimpiade 2014 - Open"]
[Site "Tromsø"]
[Date "14.08.2014"]
[Round "11.3"]
[Board "3"]
[White "Johannessen, Leif Erlend"]
[Black "Fong, Yit San"]
[Result "1-0"]
[WhiteTitle "GM"]
[WhiteElo "2528"]
[BlackElo "2143"]
[WhiteTeam "Norway"]
[BlackTeam "Malaysia"]
[WhiteFideId "1501674"]
[BlackFideId "5702640"]
[EventDate "2014.08.02"]

1. d4 Nf6 2. c4 e6 3. Nc3 Bb4 4. Nf3 b6 5. Qc2 Bb7 6. a3 Bxc3+ 7. Qxc3 d6 8. g3
O-O 9. Bg2 Nbd7 10. O-O Ne4 11. Qc2 Nef6 12. b4 c5 13. dxc5 bxc5 14. Bb2 a5 15.
b5 a4 16. Rfd1 Be4 17. Qc3 Qb6 18. Nh4 Bxg2 19. Nxg2 Rfd8 20. Ne3 Kf8 21. Rd2
Ke7 22. Rad1 Ne5 23. Qc2 Ng6 24. f3 h5 25. h4 Ra7 26. Kg2 Ne8 27. Rd5 Nf6 28.
Bxf6+ gxf6 29. Rxh5 Kf8 30. Qc3 Ke7 31. Kf2 Qb8 32. Rh6 Rg8 33. h5 Ne5 34. f4
Qf8 35. Qd2 Rd7 36. fxe5 fxe5 37. Rh7 Rxg3 38. Kxg3 Qg8+ 39. Ng4 1-0

[Event "Olimpiade 2014 - Open"]
[Site "Tromsø"]
[Date "14.08.2014"]
[Round "11.3"]
[Board "4"]
[White "Nayan, Ahmad Fadzil"]
[Black "Lie, Kjetil A."]
[Result "0-1"]
[BlackTitle "GM"]
[WhiteElo "2121"]
[BlackElo "2528"]
[WhiteTeam "Malaysia"]
[BlackTeam "Norway"]
[WhiteFideId "5702615"]
[BlackFideId "1501984"]
[EventDate "2014.08.02"]

1. d4 Nf6 2. c4 c5 3. d5 e6 4. Nc3 exd5 5. cxd5 d6 6. g3 g6 7. Bg2 Bg7 8. Nf3
O-O 9. O-O Re8 10. Nd2 a6 11. a4 Nbd7 12. h3 Rb8 13. Nc4 Ne5 14. Na3 Nh5 15. e4
Bd7 16. f4 Nxg3 17. fxe5 Bxe5 18. Rf4 b5 19. axb5 axb5 20. Nc2 b4 21. Ne2 Bxf4
22. Bxf4 Nxe4 23. Ne3 Qh4 24. Qe1 Qf6 25. Qb1 g5 26. Bxe4 gxf4 27. Ng4 Qg5 28.
Ra7 h5 29. Rxd7 hxg4 30. h4 Qe5 31. Bd3 Qe3+ 32. Kf1 g3 33. Kg2 f3+ 34. Kh3 fxe2
35. Bh7+ Kh8 36. Qf5 g2+ 37. Kxg2 Rg8+ 0-1

[Event "Olimpiade 2014 - Open"]
[Site "Tromsø"]
[Date "14.08.2014"]
[Round "11.5"]
[Board "3"]
[White "Mamedov, Rauf"]
[Black "Onischuk, Alexander"]
[Result "1/2-1/2"]
[WhiteTitle "GM"]
[BlackTitle "GM"]
[WhiteElo "2659"]
[BlackElo "2659"]
[WhiteTeam "Azerbaijan"]
[BlackTeam "United States of America"]
[WhiteFideId "13401653"]
[BlackFideId "14101025"]
[EventDate "2014.08.02"]

1. c4 Nf6 2. g3 e6 3. Bg2 d5 4. Nf3 Be7 5. O-O O-O 6. b3 b6 7. Bb2 Bb7 8. e3 c5
9. Nc3 dxc4 10. bxc4 Nc6 11. Qe2 a6 12. Rab1 Qc7 13. Ba1 Rfd8 14. d3 Rab8 15.
Rfd1 Na7 16. Qc2 Bc6 17. Na4 Ne8 18. d4 cxd4 19. Bxd4 b5 20. cxb5 Nxb5 21. Be5
Bd6 22. Bxd6 Nbxd6 23. Rbc1 Bb5 24. Qxc7 Nxc7 25. Nc5 Kf8 26. Nd4 Be8 27. a4 Nf5
28. Nc6 Rxd1+ 29. Rxd1 Rc8 30. Na7 Rb8 31. Nc6 Rc8 32. Na7 Rb8 33. Be4 Rb4 34.
g4 Rc4 35. gxf5 Rxc5 36. fxe6 Nxe6 37. Rd6 Ra5 38. Bd3 Rxa4 39. Rxa6 Rg4+ 40.
Kf1 Nc5 41. Be2 Rh4 42. Ra5 Nb7 43. Rh5 Ra4 44. Nb5 Bc6 45. f4 1/2-1/2

[Event "Olimpiade 2014 - Open"]
[Site "Tromsø"]
[Date "14.08.2014"]
[Round "11.5"]
[Board "4"]
[White "Shankland, Samuel L"]
[Black "Safarli, Eltaj"]
[Result "1/2-1/2"]
[WhiteTitle "GM"]
[BlackTitle "GM"]
[WhiteElo "2624"]
[BlackElo "2649"]
[WhiteTeam "United States of America"]
[BlackTeam "Azerbaijan"]
[WhiteFideId "2004887"]
[BlackFideId "13402129"]
[EventDate "2014.08.02"]

1. e4 c5 2. Nf3 d6 3. d4 cxd4 4. Nxd4 Nf6 5. Nc3 a6 6. Be3 Ng4 7. Bc1 Nf6 8. f3
Qb6 9. Be2 Nc6 10. Be3 Qxb2 11. Na4 Qb4+ 12. c3 Qa5 13. Nxc6 bxc6 14. Nb6 Rb8
15. Nxc8 Rxc8 16. Qb3 Qc7 17. Rb1 Ra8 18. Qb7 Qxb7 19. Rxb7 g6 20. Kf2 Bg7 21.
Rhb1 e6 22. Rc7 O-O 23. Rxc6 d5 24. e5 Nd7 25. f4 Rfc8 26. Rxc8+ Rxc8 27. Bd4 f6
28. Bxa6 Ra8 29. Bb5 Rxa2+ 30. Kg3 fxe5 31. Bxd7 exd4 32. Bxe6+ Kf8 33. Rb7 Re2
34. Rf7+ Kg8 35. Bxd5 Re3+ 36. Kf2 Rxc3 37. Rd7+ Kf8 38. g4 Rc2+ 39. Kf3 Rc3+
40. Ke2 1/2-1/2

[Event "Olimpiade 2014 - Open"]
[Site "Tromsø"]
[Date "14.08.2014"]
[Round "11.6"]
[Board "1"]
[White "Negi, Parimarjan"]
[Black "Kasimdzhanov, Rustam"]
[Result "1-0"]
[WhiteTitle "GM"]
[BlackTitle "GM"]
[WhiteElo "2645"]
[BlackElo "2700"]
[WhiteTeam "India"]
[BlackTeam "Uzbekistan"]
[WhiteFideId "5016690"]
[BlackFideId "14200244"]
[EventDate "2014.08.02"]

1. e4 e5 2. Nf3 Nc6 3. Bb5 a6 4. Ba4 Nf6 5. O-O Be7 6. Re1 b5 7. Bb3 O-O 8. a4
b4 9. d4 d6 10. dxe5 dxe5 11. Nbd2 Bc5 12. a5 Be6 13. Qe2 Qe7 14. Bxe6 Qxe6 15.
Nb3 Nd4 16. Nfxd4 Bxd4 17. h3 c5 18. Nd2 c4 19. Nxc4 Nxe4 20. Be3 Bxe3 21. Nxe3
Nc5 22. Rad1 Rad8 23. b3 f6 24. Qf3 h6 25. Rd5 Rxd5 26. Nxd5 Rb8 27. Rd1 Kh8 28.
h4 f5 29. Nb6 Ne4 30. Qd3 Nc3 31. Qd6 Qxd6 32. Rxd6 Ne2+ 33. Kf1 Nd4 34. Nc4 Ra8
35. Nxe5 Nxc2 36. Nd3 Rc8 37. Rxa6 Rc3 38. Ne5 Rxb3 39. Ra8+ Kh7 40. g4 Rb1+ 41.
Kg2 Ne1+ 42. Kg3 Rb3+ 43. Kf4 Nd3+ 44. Kxf5 Nxe5 45. Kxe5 Rd3 46. a6 Rd1 47. a7
Ra1 48. Kd4 g5 49. hxg5 hxg5 50. Kc4 b3 51. Kxb3 Kg7 52. Kc4 Ra2 53. Kd5 Rd2+
54. Ke4 Re2+ 55. Kd3 Ra2 56. f3 Ra3+ 57. Kd4 Ra1 58. Ke5 Ra5+ 59. Kd6 Ra6+ 60.
Kc7 Ra3 61. Kc6 Rc3+ 62. Kd5 Ra3 63. Kc5 Ra6 64. Kc4 Ra3 65. Kb5 Ra1 66. Kb6
Rb1+ 67. Kc6 Rc1+ 68. Kd6 Rd1+ 69. Ke6 1-0

[Event "Olimpiade 2014 - Open"]
[Site "Tromsø"]
[Date "14.08.2014"]
[Round "11.6"]
[Board "2"]
[White "Filippov, Anton UZB"]
[Black "Sethuraman, S.P."]
[Result "0-1"]
[WhiteTitle "GM"]
[BlackTitle "GM"]
[WhiteElo "2615"]
[BlackElo "2590"]
[WhiteTeam "Uzbekistan"]
[BlackTeam "India"]
[WhiteFideId "14200988"]
[BlackFideId "5021596"]
[EventDate "2014.08.02"]

1. e4 c5 2. Nf3 e6 3. d4 cxd4 4. Nxd4 Nf6 5. Nc3 d6 6. Bd3 Nc6 7. Nxc6 bxc6 8.
O-O Be7 9. b3 O-O 10. Bb2 e5 11. Na4 Bg4 12. Be2 Be6 13. Bf3 Qc7 14. c4 h6 15.
Rc1 Nh7 16. Bg4 Ng5 17. Re1 Rad8 18. h4 Bxg4 19. Qxg4 Ne6 20. Rcd1 Qc8 21. c5
dxc5 22. Bxe5 Rxd1 23. Rxd1 Rd8 24. Nc3 Qa6 25. Rxd8+ Bxd8 26. f4 c4 27. Ne2
cxb3 28. axb3 Qa5 29. Kh2 h5 30. Qg3 g6 31. Ng1 Qb4 32. f5 Nf8 33. Qf4 Nd7 34.
fxg6 fxg6 35. Nf3 Qf8 36. Qg3 Nxe5 37. Qxe5 Qf7 38. Kh1 Bc7 39. Qc3 Qd7 40. e5
Qe6 41. Qe3 Bb6 42. Qd3 Kg7 43. Qa6 Qd7 44. Qc4 Qd5 45. Qf4 Qf7 46. Qb4 Qe6 47.
Qc3 Kg8 48. Qe1 Qxb3 49. Ng5 Qe3 50. Qf1 Qf2 51. Qc4+ Kg7 52. Nf3 Qc5 53. Qf4
Qe7 54. Qc4 Qc5 55. Qf4 Qe7 56. Qc4 Qd7 57. Qc3 Kg8 58. Qc4+ Qd5 59. Qf4 Bd8 60.
Qe3 c5 61. Qa3 a5 62. Qa4 Qe6 63. Qb5 Qe7 64. Qc6 Kg7 65. Kg1 Qc7 66. Qd5 a4 67.
Qc4 Qa7 68. Kh2 a3 69. Qa2 c4 70. Qd2 Be7 71. Nd4 Qa6 72. Nc2 Qe6 73. Qc3 0-1

[Event "Olimpiade 2014 - Open"]
[Site "Tromsø"]
[Date "14.08.2014"]
[Round "11.6"]
[Board "3"]
[White "Sasikiran, Krishnan"]
[Black "Dzhumaev, Marat"]
[Result "1-0"]
[WhiteTitle "GM"]
[BlackTitle "GM"]
[WhiteElo "2669"]
[BlackElo "2510"]
[WhiteTeam "India"]
[BlackTeam "Uzbekistan"]
[WhiteFideId "5004985"]
[BlackFideId "14200236"]
[EventDate "2014.08.02"]

1. d4 d6 2. e4 Nf6 3. f3 d5 4. e5 Nfd7 5. f4 c5 6. c3 Nc6 7. Be3 cxd4 8. cxd4
Nb6 9. Nc3 Bf5 10. Bd3 Bxd3 11. Qxd3 Nc4 12. Bc1 e6 13. Nf3 a5 14. O-O a4 15. f5
Qb6 16. Kh1 Be7 17. Rb1 Kd7 18. f6 gxf6 19. exf6 Bd6 20. Bh6 Nb4 21. Qd1 Qa6 22.
Nxa4 Qxa4 23. b3 Ne3 24. bxa4 Nxd1 25. Rfxd1 Rxa4 26. Ng5 Ke8 27. Rdc1 Ra8 28.
a3 Nd3 29. Rc3 Nf2+ 30. Kg1 Ne4 31. Nxe4 dxe4 32. Rxb7 Rg8 33. Bg7 Bf8 34. Bxf8
Kxf8 35. Rcc7 Rg6 36. Rxf7+ Kg8 37. Rg7+ Rxg7 38. Rxg7+ Kf8 39. Rxh7 Rxa3 40.
Kf2 Rd3 41. Ke2 Rxd4 42. g4 Rd3 43. g5 Rf3 44. h4 Kg8 45. Rg7+ Kh8 46. Re7 Kg8
47. h5 1-0

[Event "Olimpiade 2014 - Open"]
[Site "Tromsø"]
[Date "14.08.2014"]
[Round "11.7"]
[Board "3"]
[White "Quesada Perez, Yuniesky"]
[Black "Howell, David W L"]
[Result "1/2-1/2"]
[WhiteTitle "GM"]
[BlackTitle "GM"]
[WhiteElo "2649"]
[BlackElo "2650"]
[WhiteTeam "Cuba"]
[BlackTeam "England"]
[WhiteFideId "3504409"]
[BlackFideId "410608"]
[EventDate "2014.08.02"]

1. e4 e5 2. Nf3 Nc6 3. Bb5 Nf6 4. d3 Bc5 5. c3 O-O 6. O-O d6 7. Bg5 Bb6 8. Nbd2
Bd7 9. Ba4 h6 10. Bh4 g5 11. Bg3 Nh5 12. Nc4 Bg4 13. Bxc6 bxc6 14. a4 a6 15.
Nxb6 cxb6 16. h3 Nxg3 17. fxg3 Bh5 18. Qb3 Kg7 19. Rf2 f6 20. Raf1 Qc7 21. Ne1
Rad8 22. Nc2 Bf7 23. Qa3 Bg6 24. Ne3 d5 25. Ng4 dxe4 26. dxe4 Rd6 27. Qb4 c5 28.
Qc4 Qb7 29. Nxe5 Bxe4 30. Qe2 Rdd8 31. Qh5 fxe5 32. Rxf8 Rxf8 33. Rxf8 Kxf8 34.
Qxh6+ Kf7 35. Qxg5 Qe7 36. Qg4 Bg6 37. h4 b5 38. Qf3+ Kg7 39. h5 Bh7 40. axb5
axb5 41. g4 Bg8 42. Qe3 Bf7 43. b4 cxb4 44. cxb4 Kg8 45. Qb6 Be8 46. Qh6 Bf7 47.
Qb6 Be8 48. Qh6 Bd7 49. g5 Bf5 50. Qc6 Qd7 51. Qf3 Qd4+ 52. Kh1 Qh4+ 53. Kg1
Qd4+ 54. Kh1 Qe4 55. Qf2 Kh8 56. Qf1 Qh4+ 57. Kg1 Qd4+ 58. Kh1 Qh4+ 59. Kg1 Qxg5
60. Qxb5 Qe3+ 61. Kh1 Qc1+ 62. Kh2 Qf4+ 63. Kg1 Qd4+ 64. Kh2 Kg7 65. Qe8 Qf4+
66. Kg1 Qc1+ 67. Kh2 Qf4+ 68. Kg1 e4 69. b5 Qc1+ 70. Kh2 Qf4+ 71. Kg1 e3 72. b6
Qd4 73. Qe7+ Kh6 74. b7 e2+ 75. Kh1 Be4 76. Qe6+ Kg5 77. Qe7+ Kg4 78. Qe6+ Kg5
79. Qe7+ Kxh5 80. Qe8+ Kh4 81. Qe7+ Kh5 82. Qe8+ Kg5 83. Qe7+ Kg6 84. Qe6+ Kg5
85. Qe7+ Kf5 86. Qf7+ Kg4 87. Qe6+ 1/2-1/2

[Event "Olimpiade 2014 - Open"]
[Site "Tromsø"]
[Date "14.08.2014"]
[Round "11.7"]
[Board "4"]
[White "Sadler, Matthew D"]
[Black "Ortiz Suarez, Isan Reynaldo"]
[Result "1/2-1/2"]
[WhiteTitle "GM"]
[BlackTitle "GM"]
[WhiteElo "2653"]
[BlackElo "2603"]
[WhiteTeam "England"]
[BlackTeam "Cuba"]
[WhiteFideId "400173"]
[BlackFideId "3507165"]
[EventDate "2014.08.02"]

1. d4 Nf6 2. c4 e6 3. Nc3 Bb4 4. e3 O-O 5. Bd3 d5 6. Nf3 c5 7. O-O dxc4 8. Bxc4
Nc6 9. Bd3 cxd4 10. exd4 Be7 11. a3 b6 12. Re1 Bb7 13. Bc2 Rc8 14. Qd3 g6 15. h4
Re8 16. Bg5 Nd5 17. Nxd5 Bxg5 18. Nxb6 Qxb6 19. hxg5 Red8 20. Rad1 Na5 21. Ne5
Qxb2 22. Nxf7 Kxf7 23. Qh3 Qxc2 24. Qxh7+ Kf8 25. Qh8+ Kf7 26. Qf6+ Kg8 27.
Qxe6+ Kg7 28. Qf6+ Kg8 29. Qe6+ Kg7 30. Qe7+ Kg8 31. Qe6+ 1/2-1/2

[Event "Olimpiade 2014 - Open"]
[Site "Tromsø"]
[Date "14.08.2014"]
[Round "11.8"]
[Board "1"]
[White "Vallejo Pons, Francisco"]
[Black "Le, Quang Liem"]
[Result "1-0"]
[WhiteTitle "GM"]
[BlackTitle "GM"]
[WhiteElo "2698"]
[BlackElo "2710"]
[WhiteTeam "Spain"]
[BlackTeam "Vietnam"]
[WhiteFideId "2205530"]
[BlackFideId "12401137"]
[EventDate "2014.08.02"]

1. d4 Nf6 2. c4 g6 3. f3 Nc6 4. Nc3 d5 5. e4 dxe4 6. d5 Ne5 7. fxe4 Bg7 8. Nf3
Nxf3+ 9. gxf3 O-O 10. Be3 c6 11. Qd2 Bd7 12. O-O-O cxd5 13. cxd5 Rc8 14. Kb1 a6
15. Bd3 e6 16. Rhg1 exd5 17. e5 Nh5 18. f4 d4 19. Bxd4 Ba4 20. Bc2 Bxc2+ 21.
Qxc2 Qh4 22. f5 Rfd8 23. Qe4 Qxe4+ 24. Nxe4 Nf4 25. Nd6 Rb8 26. Rgf1 Nd5 27. Ba7
Ra8 28. Rxd5 Rxa7 29. f6 Bf8 30. Rc1 b5 31. Rc8 Ra8 32. Rc7 Rab8 33. Rxf7 Rb6
34. Re7 Rc6 35. f7+ Kg7 36. Ne8+ Kh6 37. Rxd8 Bxe7 38. Nd6 1-0

[Event "Olimpiade 2014 - Open"]
[Site "Tromsø"]
[Date "14.08.2014"]
[Round "11.8"]
[Board "2"]
[White "Nguyen, Ngoc Truong Son"]
[Black "Anton Guijarro, David"]
[Result "1-0"]
[WhiteTitle "GM"]
[BlackTitle "GM"]
[WhiteElo "2634"]
[BlackElo "2624"]
[WhiteTeam "Vietnam"]
[BlackTeam "Spain"]
[WhiteFideId "12401110"]
[BlackFideId "2285525"]
[EventDate "2014.08.02"]

1. Nf3 Nf6 2. c4 g6 3. d4 Bg7 4. Nc3 O-O 5. e4 d6 6. Be2 Bg4 7. Be3 Nfd7 8. O-O
Nc6 9. d5 Bxf3 10. Bxf3 Na5 11. Be2 Bxc3 12. bxc3 e5 13. dxe6 fxe6 14. f4 Qe7
15. Rb1 b6 16. g3 Nb7 17. Bf3 Nbc5 18. e5 Rad8 19. exd6 cxd6 20. Qe2 e5 21. fxe5
dxe5 22. Bh6 e4 23. Bxf8 Rxf8 24. Bg2 Re8 25. Rbd1 Qe5 26. Qf2 Re7 27. Qd4 Kg7
28. Rd2 Nb8 29. Bh3 Nc6 30. Qf2 h5 31. Rd5 Qc7 32. Qf8+ 1-0

[Event "Olimpiade 2014 - Open"]
[Site "Tromsø"]
[Date "14.08.2014"]
[Round "11.8"]
[Board "3"]
[White "Salgado Lopez, Ivan"]
[Black "Nguyen, Duc Hoa"]
[Result "1-0"]
[WhiteTitle "GM"]
[BlackTitle "IM"]
[WhiteElo "2620"]
[BlackElo "2501"]
[WhiteTeam "Spain"]
[BlackTeam "Vietnam"]
[WhiteFideId "2257327"]
[BlackFideId "12401358"]
[EventDate "2014.08.02"]

1. e4 e5 2. Nf3 Nf6 3. Nxe5 d6 4. Nf3 Nxe4 5. d4 d5 6. Bd3 Nc6 7. O-O Be7 8. Nc3
Bf5 9. Re1 Nxc3 10. bxc3 Bxd3 11. Qxd3 O-O 12. Rb1 Na5 13. Bf4 c6 14. c4 dxc4
15. Qe4 Bf6 16. Bd2 Qc7 17. g4 h6 18. h4 Rae8 19. Qf5 Bd8 20. h5 b5 21. Bf4 Qb7
22. g5 hxg5 23. Bd6 f6 24. Bxf8 Rxf8 25. d5 cxd5 26. Nd4 Nc6 27. Qxd5+ 1-0

[Event "Olimpiade 2014 - Open"]
[Site "Tromsø"]
[Date "14.08.2014"]
[Round "11.8"]
[Board "4"]
[White "Nguyen, Van Huy"]
[Black "Illescas Cordoba, Miguel"]
[Result "1/2-1/2"]
[WhiteTitle "IM"]
[BlackTitle "GM"]
[WhiteElo "2439"]
[BlackElo "2618"]
[WhiteTeam "Vietnam"]
[BlackTeam "Spain"]
[WhiteFideId "12401064"]
[BlackFideId "2200015"]
[EventDate "2014.08.02"]

1. d4 Nf6 2. Nf3 g6 3. c4 Bg7 4. Nc3 O-O 5. e4 d6 6. Be2 Na6 7. O-O e5 8. Be3
Qe8 9. dxe5 dxe5 10. Nd2 Qe7 11. a3 c6 12. b4 Rd8 13. Qc2 Ng4 14. Bxg4 Bxg4 15.
Nb3 Nc7 16. Na4 Ne8 17. f3 Be6 18. Nac5 Bc8 19. Rfd1 Rxd1+ 20. Rxd1 b6 21. Na4
Be6 22. c5 Bxb3 23. Qxb3 b5 24. Nb2 Rd8 25. Rxd8 Qxd8 26. Qd1 Qxd1+ 27. Nxd1 Nc7
28. Kf2 Kf8 29. Nb2 Ke7 30. Nd3 Ne6 31. Ke2 Nf8 32. Bf2 Nd7 33. Be3 Ke6 34. Nc1
Bf6 35. Nb3 Bd8 36. h3 Bc7 1/2-1/2

[Event "Olimpiade 2014 - Open"]
[Site "Tromsø"]
[Date "14.08.2014"]
[Round "11.9"]
[Board "1"]
[White "Gelfand, Boris"]
[Black "Saric, Ivan"]
[Result "1-0"]
[WhiteTitle "GM"]
[BlackTitle "GM"]
[WhiteElo "2753"]
[BlackElo "2671"]
[WhiteTeam "Israel"]
[BlackTeam "Croatia"]
[WhiteFideId "2805677"]
[BlackFideId "14508150"]
[EventDate "2014.08.02"]

1. d4 d5 2. c4 c6 3. Nf3 Nf6 4. e3 Bg4 5. Nc3 e6 6. h3 Bh5 7. g4 Bg6 8. Ne5 Nbd7
9. Nxg6 hxg6 10. Bd2 g5 11. cxd5 exd5 12. Bd3 Bb4 13. a3 Bxc3 14. Bxc3 a5 15. f3
Qc7 16. Kf2 g6 17. Qg1 Nf8 18. b4 axb4 19. axb4 Rxa1 20. Qxa1 Ne6 21. Qa8+ Nd8
22. Kg2 O-O 23. Ra1 Re8 24. Bd2 Nd7 25. Qa7 Ne6 26. Be1 Qb6 27. Qa5 Nc7 28. Bg3
Qxa5 29. bxa5 Rxe3 30. Bxc7 Rxd3 31. Rb1 Rxd4 32. Rxb7 Rd2+ 33. Kf1 Nc5 34. Rb8+
Kg7 35. Be5+ f6 36. Bd6 Ne6 37. a6 Ra2 38. Rb7+ Kh6 39. a7 d4 40. Re7 Nf4 41.
Rf7 Ne6 42. Rxf6 Nf4 43. Rf7 Ne6 44. Be5 d3 45. Ke1 c5 46. Rd7 Re2+ 47. Kd1 Ra2
48. Rb7 d2 49. Rd7 c4 50. Re7 c3 51. Bxc3 Nd4 52. Re8 1-0

[Event "Olimpiade 2014 - Open"]
[Site "Tromsø"]
[Date "14.08.2014"]
[Round "11.9"]
[Board "3"]
[White "Sutovsky, Emil"]
[Black "Palac, Mladen"]
[Result "1-0"]
[WhiteTitle "GM"]
[BlackTitle "GM"]
[WhiteElo "2624"]
[BlackElo "2563"]
[WhiteTeam "Israel"]
[BlackTeam "Croatia"]
[WhiteFideId "2802007"]
[BlackFideId "14500116"]
[EventDate "2014.08.02"]

1. e4 c5 2. Nf3 d6 3. d4 cxd4 4. Nxd4 Nf6 5. Nc3 a6 6. h3 e6 7. g4 h6 8. Bg2 Be7
9. h4 g6 10. g5 hxg5 11. Bxg5 Bd7 12. Qe2 Nc6 13. O-O-O Qc7 14. Rhe1 Nh5 15. Nd5
Bxg5+ 16. hxg5 Qd8 17. Qe3 Nxd4 18. Qxd4 e5 19. Qb6 Qxb6 20. Nxb6 Rd8 21. Rxd6
Be6 22. Rxd8+ Kxd8 23. Rh1 Kc7 24. Na4 Rd8 25. Bf3 Nf4 26. Nc5 Kc6 27. Nxe6 Nxe6
28. Rg1 Rh8 29. Kd2 Rh2 30. Ke1 b5 31. Rg3 Nf4 32. Bg4 Rh1+ 33. Kd2 Rf1 34. Rc3+
Kb6 35. Ke3 Rg1 36. Bd7 Re1+ 37. Kf3 Rd1 38. Bg4 Rb1 39. b3 Ra1 40. Bd7 Rxa2 41.
Rc6+ Ka5 42. Rc5 Kb4 43. Rxe5 Nh5 44. Be8 Rxc2 45. Re7 Rc3+ 46. Kg4 Rc1 47. Bxf7
Rg1+ 48. Kf3 Rxg5 49. Re6 a5 50. Rxg6 Rxg6 51. Bxg6 Ng7 52. Bf7 Kc5 53. e5 Nf5
54. Ke4 Ne7 55. f4 a4 56. bxa4 bxa4 57. f5 a3 58. Bb3 Kc6 59. f6 Ng6 60. Kf5
Nh4+ 61. Ke6 Ng6 62. f7 Kc5 63. Kf6 Nf8 64. Kg7 1-0

[Event "Olimpiade 2014 - Open"]
[Site "Tromsø"]
[Date "14.08.2014"]
[Round "11.9"]
[Board "4"]
[White "Kozul, Zdenko"]
[Black "Postny, Evgeny"]
[Result "1-0"]
[WhiteTitle "GM"]
[BlackTitle "GM"]
[WhiteElo "2608"]
[BlackElo "2651"]
[WhiteTeam "Croatia"]
[BlackTeam "Israel"]
[WhiteFideId "14502879"]
[BlackFideId "2804344"]
[EventDate "2014.08.02"]

1. c4 c5 2. Nf3 Nc6 3. e3 e5 4. Nc3 Nf6 5. a3 Be7 6. d4 exd4 7. exd4 cxd4 8.
Nxd4 d5 9. cxd5 Nxd5 10. Nxc6 bxc6 11. Nxd5 Qxd5 12. Qxd5 cxd5 13. Bb5+ Bd7 14.
Bxd7+ Kxd7 15. Be3 Rhc8 16. Rd1 Kd6 17. Bf4+ Ke6 18. O-O Rc4 19. Rfe1+ Re4 20.
Be3 Kd6 21. Kf1 Bf6 22. Re2 Rb8 23. Red2 Rb5 24. b4 d4 25. Bxd4 Rxd4 26. Rxd4+
Bxd4 27. Rxd4+ Rd5 28. Rf4 f6 29. Ke2 a5 30. Ke3 axb4 31. axb4 Kc6 32. Rd4 Rb5
33. Kd3 Rb7 34. Kc4 Re7 35. h4 Re2 36. Rf4 h5 37. g3 Rc2+ 38. Kd3 Rb2 39. Kc3
Re2 40. Rf5 Ra2 41. b5+ Kd6 42. Kb4 Ke6 43. Rf3 Kd6 44. Rf5 Ke6 45. Rxh5 Rxf2
46. Rc5 Rb2+ 47. Ka5 Ra2+ 48. Kb6 Kd7 49. Rc7+ Kd6 50. Rxg7 1-0

[Event "Olimpiade 2014 - Open"]
[Site "Tromsø"]
[Date "14.08.2014"]
[Round "11.10"]
[Board "1"]
[White "Aronian, Levon"]
[Black "Navara, David"]
[Result "1-0"]
[WhiteTitle "GM"]
[BlackTitle "GM"]
[WhiteElo "2805"]
[BlackElo "2716"]
[WhiteTeam "Armenia"]
[BlackTeam "Czech Republic"]
[WhiteFideId "13300474"]
[BlackFideId "309095"]
[EventDate "2014.08.02"]

1. d4 d5 2. c4 c6 3. cxd5 cxd5 4. Nc3 Nf6 5. Bf4 Nc6 6. e3 Bf5 7. Qb3 Na5 8.
Qa4+ Bd7 9. Qc2 e6 10. Nf3 Be7 11. Bd3 Nc6 12. a3 Nh5 13. Be5 f6 14. Bf4 Rc8 15.
h3 Nxf4 16. exf4 Qb6 17. Rd1 f5 18. Bb5 Bd6 19. g3 Na5 20. Bxd7+ Kxd7 21. O-O
Rhe8 22. Rd3 Nc4 23. Na4 Qc6 24. Rc3 b5 25. Nc5+ Bxc5 26. Rxc4 bxc4 27. Ne5+ 1-0